Kariéra lekára a významné predpoklady jej rozvoja
Ekonomické a spoločenské zmeny menia charakter prípravy a realizáciu kariéry. Rozvoj medziodborových vedomostí a zručností v ďalšom vzdelávaní lekárov. Sociálna mobilita a kariérny rast v súčasných podmienkach.
Uložené v:
| Hlavný autor: | |
|---|---|
| Médium: | Kapitola |
| Jazyk: | Slovak |
| Predmet: | |
| Tagy: |
Žiadne tagy, Buďte prvý, kto otaguje tento záznam!
|
MARC
| LEADER | 00000naa$a2200000$$$4500 | ||
|---|---|---|---|
| 001 | 0192507 | ||
| 005 | 20240502073229.8 | ||
| 041 | 0 | |a slo | |
| 044 | |a SK | ||
| 245 | 1 | 0 | |a Kariéra lekára a významné predpoklady jej rozvoja |c Marta Matulčíková |
| 520 | |a Ekonomické a spoločenské zmeny menia charakter prípravy a realizáciu kariéry. Rozvoj medziodborových vedomostí a zručností v ďalšom vzdelávaní lekárov. Sociálna mobilita a kariérny rast v súčasných podmienkach. | ||
| 610 | 2 | 0 | |a lekárstvo |
| 610 | 2 | 0 | |a medicína |
| 610 | 2 | 0 | |a lekári |
| 610 | 2 | 0 | |a kvalifikácia |
| 610 | 2 | 0 | |a kariéra |
| 610 | 2 | 0 | |a vzdelávanie ďalšie |
| 610 | 2 | 0 | |a prax odborná |
| 610 | 2 | 0 | |a vedomosti |
| 610 | 2 | 0 | |a zručnosti |
| 100 | 1 | |a Matulčíková, Marta, 1964- | |